| 000 | 02085nam a22002297a 4500 | ||
|---|---|---|---|
| 999 |
_c59026 _d59026 |
||
| 003 | Ge_BSU | ||
| 005 | 20221102102645.0 | ||
| 008 | 221102s2001 ge ||||| |||| 00| 0 geo d | ||
| 041 | _ageo | ||
| 080 | _a339.13(479.22) + 316.42(479.22) + 338.24.021.8(479.22) ჭ-42 | ||
| 100 |
_aჭითანავა, ნოდარ _9802 |
||
| 245 |
_aგარდამავალი პერიოდის სოციალურ-ეკონომიკური პრობლემები : _bნაწილი 3. (ეკონომიკური გლობალიზაცია და ეროვნულ-ეკონომიკური უსაფრთხოება) / _c ნოდარ ჭითანავა ; რედაქტორი იაკობ მესხია ; საქართველოს ეკონომიკის, მრეწველობისა და ვაჭრობის სამინისტროსთან არსებული ეკონომიკური და სოციალური პრობლემების ს/კ ინსტიტუტი. |
||
| 264 |
_aთბილისი, _c 2001. |
||
| 300 |
_a423 გვ. : _bცხრ.; _c20 სმ. |
||
| 504 | _aბიბლიოგრ. ტექსტის შენიშვნებში. | ||
| 520 | _aრეზიუმე რუს. ენაზე | ||
| 653 | _aსაქართველოს საბაზრო ეკონომიკა | ||
| 653 | _aსაქართველოს სოციალურ-ეკონომიკური განვითარება | ||
| 700 |
_aმესხია, იაკობ _eრედაქტორი. _915714 |
||
| 710 |
_aსაქართველოს ეკონომიკის, მრეწველობისა და ვაჭრობის სამინისტრო. ეკონომიკური და სოციალური პრობლემების ს/კ ინსტიტუტი. _915715 |
||
| 942 |
_2udc _cBK |
||